000
00373nam a22001337a 4500
003
SGT
020
_a
8121606748
082
_a
200
_b
J97H
100
_a
हन्ह, त्रिक न्यात
245
_a
जहं जहं चरन परे गौतम के
260
_b
हिन्द पॉकेट बुक
_c
1997
300
_a
540
942
_2
ddc
_c
BK
999
_c
31783
_d
31783